000 00571nas a22001937a 4500
003 NALT
005 20211115120240.0
008 170828b xxu||||| |||| 00| 0 tha d
022 _a22869115
040 _aNALT
041 0 _atha
245 1 0 _aLonely Planet Traveller
260 3 _aกรุงเทพฯ :
_bMedia Expertise International (Thailand)
310 _aรายเดือน
500 _aหยุดผลิตหลังเดือนมกราคม 2562
850 _aNALT
942 _cJNR
_05
_2lcc
998 _b34
_d2017-05-04 15:54:31.513
_j755
_k จินตนา เอี่ยมคง
999 _c91920
_d91920